000
00278nam a22001217a 4500
008
181102b xxu||||| |||| 00| 0 eng d
041
_a
eng
080
_a
338
100
_a
51
101
_a
FIN
245
_a
Financial Analysis Finanacial Market
_c
John.M S
942
_2
udc
_c
BK
999
_c
51738
_d
51738